=LDR 00000nam 2200000 4500 =001 INLIS000000000023655 =005 20130612122310 =008 ***********************************Ind** =035 ##$$0010-061300000023655 =041 ##$$a Ind =082 ##$$a 005.369 =090 ##$$a 005.369, Sho a =100 ##$$a Sholeh =245 ##$$a Autocad 2D dan 3D, Metode belajar langsung praktek, Sholeh =260 ##$$a 2006 $b Bandung =300 ##$$a 306 hlm, 21 cm =650 ##$$a Komputer - praktek langsung =850 ##$$a NBPNMAT